000 00982cab a2200181 4500
001 ABS39099
008 090401t xxu||||| |||| 00| 0 eng d
035 _a(Sirsi) u14421
041 _aeng
245 _aRubinstein and another v SoS for the Environment
350 _a0
490 _aTranscript
520 _aQBD 11 December 1987. An application under Wildlife and Countryside Act 1981 by two officers of the Ramblers Association concerning an order, Lincolnshire County Council No.2 Modification Order 1985 made under s53, which purports to delete from the definitive map and standard of an area, a footpath which had appeared on the said map since 1959. The defendants claimed there had never been a footpath and it therefore should never have been shown on the map. It was held that this was not relevant, if the footpath had appeared on the map it could not be deleted.
650 _aRIGHTS OF WAY
690 _aPLANNING LAW AND PRACTICE
942 _n0
948 _c04/03/1997
999 _c9394
_d9394